Исследование процессов электропереноса и изотопного разделения в системе раствор LiCl- катионит КУ-2: автореферат диссертации на соискание ученой степени кандидата физико-математических наук; спец. 01.040

Chi tiết về thư mục
Tác giả chính: Мальцев Г. И.
Tác giả của công ty: Томский политехнический институт (ТПИ) Физико-технический факультет
Tác giả khác: Тихомиров И. А. Иван Арсентьевич (научный руководитель), Курин М. Н. Михаил Николаевич
Tóm tắt:For_staff_use
Ngôn ngữ:Tiếng Nga
Được phát hành: Томск, 1971
Những chủ đề:
Định dạng: Sách
KOHA link:https://koha.lib.tpu.ru/cgi-bin/koha/opac-detail.pl?biblionumber=233316

MARC

LEADER 00000nam0a2200000 4500
001 233316
005 20231101231234.0
035 |a (RuTPU)RU\TPU\book\254393 
035 |a RU\TPU\book\254393 
035 |a RU\TPU\book\254393 
090 |a 233316 
100 |a 20130301d1971 k y0rusy50 ca 
101 0 |a rus 
102 |a RU 
105 |a a dm 001zy 
200 1 |a Исследование процессов электропереноса и изотопного разделения в системе раствор LiCl- катионит КУ-2  |e автореферат диссертации на соискание ученой степени кандидата физико-математических наук  |e спец. 01.040  |f Г. И. Мальцев  |g Томский политехнический институт (ТПИ), Физико-технический факультет ; науч. рук. И. А. Тихомиров ; науч. рук. М. Н. Курин 
210 |a Томск  |d 1971 
215 |a 25 с.  |c ил. 
320 |a Библиогр.: с. 24-25 (7 назв.). 
371 0 |a For_staff_use 
606 1 |a Иониты  |2 stltpush  |3 (RuTPU)RU\TPU\subj\70862  |9 85031 
610 1 |a электрохимия 
610 1 |a электролиты 
610 1 |a водные растворы 
610 1 |a электроперенос 
610 1 |a математическое описание 
610 1 |a система ионит-раствор 
610 1 |a процессы 
610 1 |a исследование 
610 1 |a литий 
610 1 |a изотопы лития 
610 1 |a разделение 
610 1 |a подвижность 
610 1 |a авторефераты диссертаций 
675 |a 544.726(04)  |v 3 
686 |a 01.040  |2 oksvnk 
700 1 |a Мальцев  |b Г. И. 
702 1 |a Тихомиров  |b И. А.  |c российский физик  |c доктор физико-математических наук, профессор Томского политехнического университета  |f 1921-2010  |g Иван Арсентьевич  |2 stltpush  |3 (RuTPU)RU\TPU\pers\18334  |4 727 
702 1 |a Курин  |b М. Н.  |c физик  |c заведующий кафедрой физико-энергетических установок ФТФ Томского политехнического института  |f 1932-1989  |g Михаил Николаевич  |2 stltpush  |3 (RuTPU)RU\TPU\pers\20247  |4 727 
712 0 2 |a Томский политехнический институт (ТПИ)  |b Физико-технический факультет  |c (1944-1991)  |2 stltpush  |3 (RuTPU)RU\TPU\col\1123 
801 1 |a RU  |b 63413507  |c 20130301 
801 2 |a RU  |b 63413507  |c 20130321  |g RCR 
942 |c BK